000 00519nam a2200193Ia 4500
003 GCL
008 140319s9999 xx 000 0 eng d
040 _aGCL /
_cGCL
082 0 4 _a616.075
_bS U
100 1 _aSOLBIATI,LUIGI
245 1 0 _aUETRA SOUND OF SUPERFICIAL STRURCTUREES /
_cSOLBIATI,LUIGI
700 1 _aRIZZATTO, GIORORGIO
260 _a[S.N] :
_bCHAR CHILL LIVINGSTONE ،
_c1993
300 _a416P
650 0 4 _aSUPERFICIAL STRUCTURE
650 0 4 _aULTRASOUND
650 0 4 _aSONOGRAPHY
942 _2ddc
_cBK
999 _c11346
_d11346